Skip to main content
Your cart is empty.
Your lists
Log in to create your own lists
Your cookies
العربية
English
العربية
Home
Search
Advanced search
Authority search
About
The noble scholar, jurist, historian
His Excellency Dr. Abdul Wahhab bin Ibrahim Abu Sulaiman, may Allah have mercy on him.
He was born in Umm Al-Qura in the year 1356 AH.
Library catalog
Title
Author
Subject
ISBN
ISSN
Series
Call number
Log in to your account
×
Login:
Password:
Home
MARC view: الفهرس العام للمخطوطات /
Normal view
MARC view
ISBD view
الفهرس العام للمخطوطات / (Record no. 13624)
[
view plain
]
MARC details
000 -LEADER
fixed length control field
02144cam a2200325 i 4500
003 - CONTROL NUMBER IDENTIFIER
control field
SA-RiAUC
005 - DATE AND TIME OF LATEST TRANSACTION
control field
20251222120445.0
008 - FIXED-LENGTH DATA ELEMENTS--GENERAL INFORMATION
fixed length control field
251202s1994 ti g b f000 0 ara c
024 0# - OTHER STANDARD IDENTIFIER
Standard number or code
00000000973888
040 ## - CATALOGING SOURCE
Original cataloging agency
SA-RiAUC
Language of cataloging
ara
Transcribing agency
SA-RiAUC
Modifying agency
AE-DuMBRL
Description conventions
rda
043 ## - GEOGRAPHIC AREA CODE
Geographic area code
f-ti---
050 04 - LIBRARY OF CONGRESS CALL NUMBER
Item number
F34 1994
082 04 - DEWEY DECIMAL CLASSIFICATION NUMBER
Classification number
011.31009611
Assigning agency
SA-RiAUC
090 ## - LOCALLY ASSIGNED LC-TYPE CALL NUMBER (OCLC); LOCAL CALL NUMBER (RLIN)
Classification number (OCLC) (R) ; Classification number, CALL (RLIN) (NR)
011.31009611
Local cutter number (OCLC) ; Book number/undivided call number, CALL (RLIN)
ا ب ن ح
100 1# - MAIN ENTRY--PERSONAL NAME
Personal name
ابن حمادة، جمال،
Dates associated with a name
1949-
Relator term
مؤلف.
245 12 - TITLE STATEMENT
Title
الفهرس العام للمخطوطات /
Statement of responsibility, etc.
إعداد جمال بن حمادة ؛ تقديم وإشراف جمعة شيخة.
250 ## - EDITION STATEMENT
Edition statement
الطبعة الأولى.
264 #1 - PRODUCTION, PUBLICATION, DISTRIBUTION, MANUFACTURE, AND COPYRIGHT NOTICE
Place of production, publication, distribution, manufacture
تونس :
Name of producer, publisher, distributor, manufacturer
دار الكتب الوطنية،
Date of production, publication, distribution, manufacture, or copyright notice
1994.
300 ## - PHYSICAL DESCRIPTION
Extent
مجلد؛
Dimensions
24 سم
336 ## - CONTENT TYPE
Content type term
نص
Content type code
txt
Source
rdacontent
Materials specified
كتاب
337 ## - MEDIA TYPE
Media type term
بدون وسيط
Media type code
n
Source
rdamedia
338 ## - CARRIER TYPE
Carrier type term
مجلد
Carrier type code
nc
Source
rdacarrier
520 ## - SUMMARY, ETC.
Summary, etc.
يتناول كتاب (الفهرس العام للمخطوطات) والذي قام بتأليفه جمال بن حمادة، موضوع (فهرس مخطوطات) هذا الكتاب يضم فهرسا عاما للمخطوطات والمتمثل في القسم الأول من الجزء الثامن لفهرس مخطوطات دار الكتب الوطنية بتونس، وهو حلقة جديدة ومتصلة من الفهارس التي تصدرها الدار منذ 1976. ويحتوي هذا الفهرس على خمس مائة رقم من الألف الثامنة من رقم (7000 إلى 7500). وبالتالي يكون تم فهرسة قسما آخر من رصيد المكتبة العبدلية، تبدأ من رقم 4901 إلى 10032، متبعا في ذلك الطريقة المتبعة في الأجزاء السابقة.
590 ## - LOCAL NOTE (RLIN)
Local note
يتوافر بالمكتبة : مجلد 8.
650 #7 - SUBJECT ADDED ENTRY--TOPICAL TERM
Topical term or geographic name entry element
المخطوطات العربية
Form subdivision
ببليوجرافيات
Source of heading or term
aucsh
700 1# - ADDED ENTRY--PERSONAL NAME
Personal name
شيخة، جمعة،
Dates associated with a name
1944-
Relator term
مقدم.
942 ## - ADDED ENTRY ELEMENTS (KOHA)
Source of classification or shelving scheme
Dewey Decimal Classification
Koha item type
Books
Suppress in OPAC
No
949 ## - LOCAL PROCESSING INFORMATION (OCLC)
a
SA-JeALM
d
251202
u
mohamedma123
n
1
Holdings
Withdrawn status
Lost status
Source of classification or shelving scheme
Materials specified (bound volume or other part)
Damaged status
Not for loan
Home library
Current library
Date acquired
Total checkouts
Full call number
Barcode
Date last seen
Price effective from
Koha item type
Dewey Decimal Classification
الجزء الثامن - القسم الاول
DR AbdElwahab Library
DR AbdElwahab Library
12/22/2025
011.31009611 ا ب ن ح
000021851
12/22/2025
12/22/2025
Books
Place hold
Print
Add to your cart
(remove)
Save record
BIBTEX
Dublin Core
MARCXML
MARC (non-Unicode/MARC-8)
MARC (Unicode/UTF-8)
MARC (Unicode/UTF-8, Standard)
MODS (XML)
RIS
ISBD
More searches
Search for this title in:
Other Libraries (WorldCat)
Other Databases (Google Scholar)
Online Stores (Bookfinder.com)
Open Library (openlibrary.org)
Exporting to Dublin Core...
×
Simple DC-RDF
OAI-DC
SRW-DC